Islands of Seychelles - Statistics

General Stats
  • This quiz has been taken 6 times
  • The average score is 52 of 70
Answer Stats
Answer % Correct
Aldabra
100%
Alphonse
100%
Aride
100%
Assomption
100%
Astove
100%
Bird
100%
Cerf (Mahe)
100%
Cerf (Providence)
100%
Coetivy
100%
Conception
100%
Cosmoledo
100%
Cousin
100%
Cousine
100%
Curieuse
100%
D'Arros
100%
Denis
100%
Desroches
100%
Eden
100%
Farquhar
100%
Fregate
100%
Grande Soeur
100%
La Digue
100%
L'Ilot
100%
Long
100%
Mahe
100%
Mamelles
100%
Moyenne
100%
Perseverance
100%
Petite Soeur
100%
Praslin
100%
Sainte Anne
100%
Silhouette
100%
Souris
100%
St Pierre
100%
St Pierre (Praslin)
100%
African Banks
50%
Anonyme
50%
Aurore
50%
Ave Maria
50%
Bijoutier
50%
Booby Rock
50%
Boudeuse
50%
Cachee
50%
Chauve Souris
50%
Cocos
50%
Desnoeufs
50%
Etoile
50%
Felicite
50%
Hodoul
50%
Ile Aux Vaches
50%
L'Islette
50%
Marianne
50%
Marie Louise
50%
North
50%
Platte
50%
Poivre
50%
Port
50%
Providence
50%
Rat
50%
Recife
50%
Remire
50%
Romainville
50%
Round (Mahe)
50%
Round (Praslin)
50%
Seche
50%
Soleil
50%
St François
50%
St Joseph
50%
Therese
50%
Eve
0%
No matching quizzes found
Score Distribution
Percent of People with Each Score
Percentile by Number Answered
Your Score History
You have not taken this quiz